[Event "Ungdoms-DM U19 2025"]
[Site "Odense"]
[Date "2025.09.26"]
[Round "1"]
[White "Perets, Dmytro"]
[Black "Haakonsen, Magnus"]
[Result "0-1"]
[WhiteElo "2214"]
[BlackElo "1971"]
[WhiteFideId "14174456"]
[BlackFideId "1485261"]
[EventDate "2025.09.26"]
[EventType "swiss"]
[EventRounds "5"]
[EventCountry "DEN"]
[SourceTitle "Turneringssystemet"]

1. Nf3 d5 2. g3 c5 3. c4 d4 4. b4 e6 5. Bb2 Nc6 6. b5 Nb8 7. Bg2 Nd7 8. O-O e5 9. e3 Be7 10. exd4 cxd4 11. Re1 f6 12. Qe2 a6 13. bxa6 Rxa6 14. d3 Nc5 15. Nfd2 Qb6 16. Ne4 Nxd3 17. Qxd3 Qxb2 18. Nbd2 f5 19. Nc5 Bxc5 20. Rxe5+ Ne7 21. Nb3 Bd6 22. Re2 Qc3 23. Qxc3 dxc3 24. Rae1 b6 25. Nd4 Kf7 26. Nb5 Bc5 27. Rc1 Ra4 28. Rxc3 Ba6 0-1

[Event "Ungdoms-DM U19 2025"]
[Site "Odense"]
[Date "2025.09.26"]
[Round "1"]
[White "Skaelbaek, Noah"]
[Black "Pihl, William"]
[Result "0-1"]
[WhiteElo "1970"]
[BlackElo "2128"]
[WhiteFideId "1470604"]
[BlackFideId "1467310"]
[EventDate "2025.09.26"]
[EventType "swiss"]
[EventRounds "5"]
[EventCountry "DEN"]
[SourceTitle "Turneringssystemet"]

1. e4 e5 2. Nf3 Nc6 3. d4 exd4 4. Nxd4 Bc5 5. Be3 Qf6 6. c3 Nge7 7. Bc4 O-O 8. O-O a6 9. Nc2 Bxe3 10. Nxe3 Ne5 11. Be2 N5g6 12. Nd2 Nf4 13. Bf3 d6 14. Nb3 Neg6 15. g3 Nh3+ 16. Kg2 Ng5 17. Ng4 Qxf3+ 18. Qxf3 Nxf3 19. Kxf3 f5 20. Ne3 Ne5+ 21. Kg2 fxe4 22. Nd2 b6 23. a4 Bb7 24. c4 a5 25. Nd5 Nxc4 26. Nxc4 Bxd5 27. Ne3 Bb7 28. Rfd1 Rad8 29. Rac1 Rf7 30. Kg1 d5 31. Ng4 Re7 32. b3 d4 33. Ne3 c5 34. Nc4 Re6 35. Rc2 Bd5 36. Kf1 Rf8 37. Ke1 e3 38. fxe3 Bxc4 39. bxc4 Rxe3+ 40. Kd2 Rf2+ 0-1

[Event "Ungdoms-DM U19 2025"]
[Site "Odense"]
[Date "2025.09.26"]
[Round "1"]
[White "Saugmann, Frederik Chabert"]
[Black "Kushyk, Denys"]
[Result "1/2-1/2"]
[WhiteElo "2137"]
[BlackElo "1996"]
[WhiteFideId "1476122"]
[BlackFideId "34149066"]
[EventDate "2025.09.26"]
[EventType "swiss"]
[EventRounds "5"]
[EventCountry "DEN"]
[SourceTitle "Turneringssystemet"]

1. d4 Nf6 2. c4 e6 3. Nf3 d5 4. Nc3 Be7 5. Bg5 O-O 6. e3 c6 7. Bd3 dxc4 8. Bxc4 b5 9. Bd3 Bb7 10. O-O Nbd7 11. Qe2 a6 12. Rfd1 Qb6 13. e4 Rfe8 14. e5 Nd5 15. Qe4 Nf8 16. Qh4 Nxc3 17. bxc3 Bxg5 18. Nxg5 h6 19. Ne4 Qd8 20. Qg3 Kh8 21. f4 Re7 22. Qe3 Nd7 23. Bc2 c5 24. dxc5 Qc7 25. Rd2 Bd5 26. a4 Rc8 27. axb5 axb5 28. Kh1 Bxe4 29. Qxe4 g6 30. Qb4 Qxc5 31. Rb1 Qxc3 32. Qxc3 Rxc3 33. Rxb5 1/2-1/2

[Event "Ungdoms-DM U19 2025"]
[Site "Odense"]
[Date "2025.09.26"]
[Round "1"]
[White "Balle, Anders Sullestad"]
[Black "Wahlgreen, Noah Krug"]
[Result "0-1"]
[WhiteElo "1885"]
[BlackElo "2072"]
[WhiteFideId "1479091"]
[BlackFideId "1457349"]
[EventDate "2025.09.26"]
[EventType "swiss"]
[EventRounds "5"]
[EventCountry "DEN"]
[SourceTitle "Turneringssystemet"]

1. e4 c6 2. d4 d5 3. e5 Bf5 4. h4 h5 5. Bd3 Bxd3 6. Qxd3 Qa5+ 7. Nd2 e6 8. Ngf3 Ne7 9. O-O Nf5 10. a4 Be7 11. Nb3 Qa6 12. Qd1 Nxh4 13. Nxh4 Bxh4 14. Nc5 Qb6 15. Ra3 Qc7 16. Rh3 Be7 17. Rxh5 Rxh5 18. Qxh5 Bxc5 19. dxc5 Qe7 20. Bg5 Qxc5 21. c4 Qf8 22. f4 g6 23. Qh7 Nd7 24. cxd5 Qc5+ 25. Kh1 cxd5 26. f5 gxf5 27. Rxf5 exf5 28. e6 Ne5 29. Qh8+ Qf8 30. Qxe5 f6 31. Bxf6 Qh6+ 32. Kg1 Rc8 33. Qxf5 Rc1+ 34. Kf2 Qd2+ 35. Kg3 Qe3+ 36. Kh2 Qh6+ 37. Kg3 Rh1 38. Bg5 Qh2+ 39. Kf2 Qg1+ 40. Ke2 Qd1+ 0-1

[Event "Ungdoms-DM U19 2025"]
[Site "Odense"]
[Date "2025.09.26"]
[Round "1"]
[White "Iskos, Lukas"]
[Black "Li, Kevin"]
[Result "1-0"]
[WhiteElo "2093"]
[BlackElo "1854"]
[WhiteFideId "1461613"]
[BlackFideId "1480570"]
[EventDate "2025.09.26"]
[EventType "swiss"]
[EventRounds "5"]
[EventCountry "DEN"]
[SourceTitle "Turneringssystemet"]

1. d4 d5 2. Nf3 e6 3. Bf4 Bd6 4. Bg3 Nf6 5. e3 O-O 6. Bd3 c5 7. c3 Nc6 8. Nbd2 b6 9. Qe2 Bb7 10. Rd1 Qc7 11. e4 dxe4 12. Nxe4 Nxe4 13. Bxe4 h6 14. dxc5 Bxg3 15. hxg3 f5 16. Bxc6 Bxc6 17. Qxe6+ Kh8 18. O-O Bxf3 19. gxf3 Qxc5 20. Rd7 Rf6 21. Qe2 Rg6 22. Kg2 f4 23. Qe4 Qc8 24. Rfd1 Rf6 25. Qe7 Qg8 26. g4 Re6 27. Qb4 a5 28. Qxf4 Rf6 29. Qc7 Raf8 30. R1d3 h5 31. R3d5 g6 32. Qe5 Qe6 33. Qxe6 Rxe6 34. R7d6 Re2 35. Rxg6 1-0

[Event "Ungdoms-DM U19 2025"]
[Site "Odense"]
[Date "2025.09.26"]
[Round "1"]
[White "Tong, Daniel Gjerlev"]
[Black "Slavensky, Asbjorn Vesterkaer"]
[Result "1/2-1/2"]
[WhiteElo "1915"]
[BlackElo "2099"]
[WhiteFideId "1486799"]
[BlackFideId "1470094"]
[EventDate "2025.09.26"]
[EventType "swiss"]
[EventRounds "5"]
[EventCountry "DEN"]
[SourceTitle "Turneringssystemet"]

1. d4 Nf6 2. c4 e6 3. Nc3 d5 4. cxd5 exd5 5. Bg5 c6 6. e3 Be7 7. Bd3 h6 8. Bh4 O-O 9. Nge2 Ne4 10. Bxe7 Qxe7 11. O-O Nd7 12. Qc2 Ndf6 13. Rae1 Bf5 14. f3 Nxc3 15. Nxc3 Bxd3 16. Qxd3 c5 17. dxc5 Qxc5 18. Rd1 Rfe8 19. Rfe1 Rad8 20. Qd4 b6 21. b4 Qc4 22. Rd3 Rc8 23. Qxc4 Rxc4 24. a3 Re5 25. Kf2 Kh7 26. Red1 Rf5 27. Ke2 Rg5 28. g4 Ne4 29. Nxe4 dxe4 30. Rd4 exf3+ 31. Kxf3 Rc6 32. Rd7 Rf6+ 33. Kg3 Re5 34. R1d3 a5 35. R7d5 Rxd5 36. Rxd5 axb4 37. axb4 Kg6 38. h4 Re6 39. Kf4 Kf6 40. Rf5+ Ke7 41. h5 Rc6 42. e4 f6 43. Rd5 Ke6 44. Rf5 Kd6 45. Rd5+ Ke6 46. Rf5 Rd6 47. Rb5 Rc6 48. Rd5 Rc1 49. Rb5 Rc6 50. Rd5 Rc4 51. Rb5 Rc6 1/2-1/2

[Event "Ungdoms-DM U19 2025"]
[Site "Odense"]
[Date "2025.09.26"]
[Round "1"]
[White "Pirtac, Alexandru"]
[Black "Hansen, Peter Skov"]
[Result "1-0"]
[WhiteElo "1963"]
[BlackElo "1550"]
[WhiteFideId "13912143"]
[BlackFideId ""]
[EventDate "2025.09.26"]
[EventType "swiss"]
[EventRounds "5"]
[EventCountry "DEN"]
[SourceTitle "Turneringssystemet"]

1. e4 c6 2. d4 d5 3. Nc3 dxe4 4. Nxe4 Nf6 5. Nxf6+ exf6 6. c3 Bd6 7. Bd3 O-O 8. Qc2 Re8+ 9. Ne2 h5 10. Be3 Nd7 11. O-O-O Nf8 12. h3 Be6 13. g4 Bd5 14. Rhg1 h4 15. g5 Bh2 16. gxf6 Bxg1 17. fxg7 Bh2 18. gxf8=Q+ Kxf8 19. Qd2 Qd6 20. Re1 Be4 21. Bh6+ Kg8 22. Bc4 b5 23. Bb3 Bf3 24. Qg5+ 1-0

[Event "Ungdoms-DM U19 2025"]
[Site "Odense"]
[Date "2025.09.27"]
[Round "2"]
[White "Pihl, William"]
[Black "Iskos, Lukas"]
[Result "1/2-1/2"]
[WhiteElo "2128"]
[BlackElo "2093"]
[WhiteFideId "1467310"]
[BlackFideId "1461613"]
[EventDate "2025.09.26"]
[EventType "swiss"]
[EventRounds "5"]
[EventCountry "DEN"]
[SourceTitle "Turneringssystemet"]

1. e4 c5 2. f4 d5 3. Bb5+ Bd7 4. Bxd7+ Qxd7 5. d3 dxe4 6. dxe4 Qxd1+ 7. Kxd1 Nc6 8. Nf3 O-O-O+ 9. Ke2 g6 10. c3 Bg7 11. Be3 b6 12. Nbd2 Nf6 13. Rhf1 h6 14. Ne5 Nxe5 15. fxe5 Ng4 16. Rxf7 Bxe5 17. Nc4 Bf6 18. e5 Nxe5 19. Nxe5 Bxe5 20. Rxe7 Rde8 1/2-1/2

[Event "Ungdoms-DM U19 2025"]
[Site "Odense"]
[Date "2025.09.27"]
[Round "2"]
[White "Wahlgreen, Noah Krug"]
[Black "Pirtac, Alexandru"]
[Result "1-0"]
[WhiteElo "2072"]
[BlackElo "1963"]
[WhiteFideId "1457349"]
[BlackFideId "13912143"]
[EventDate "2025.09.26"]
[EventType "swiss"]
[EventRounds "5"]
[EventCountry "DEN"]
[SourceTitle "Turneringssystemet"]

1. e4 c5 2. Nf3 e6 3. c3 d5 4. exd5 exd5 5. d4 Nf6 6. Bb5+ Nc6 7. O-O Be7 8. dxc5 Bxc5 9. Nbd2 Bg4 10. Re1+ Kf8 11. Bd3 Qb6 12. Rf1 Ne5 13. Be2 Nxf3+ 14. Bxf3 h5 15. Nb3 Bd6 16. h3 Qc7 17. Bg5 Bxf3 18. Qxf3 Ng4 19. Rfe1 Ne5 20. Qxd5 f6 21. Nd4 Qd7 22. Bf4 Re8 23. Bxe5 fxe5 24. Nb5 Rh6 25. Rad1 Ree6 26. Rxe5 Rxe5 27. Qxe5 Bxe5 28. Rxd7 Rb6 29. Rd5 Bf6 30. a4 a6 31. Rd6 Rc6 32. Rxc6 bxc6 33. Nd4 1-0

[Event "Ungdoms-DM U19 2025"]
[Site "Odense"]
[Date "2025.09.27"]
[Round "2"]
[White "Haakonsen, Magnus"]
[Black "Saugmann, Frederik Chabert"]
[Result "1/2-1/2"]
[WhiteElo "1971"]
[BlackElo "2137"]
[WhiteFideId "1485261"]
[BlackFideId "1476122"]
[EventDate "2025.09.26"]
[EventType "swiss"]
[EventRounds "5"]
[EventCountry "DEN"]
[SourceTitle "Turneringssystemet"]

1. e4 e5 2. Nf3 Nc6 3. Bc4 Bc5 4. c3 Nf6 5. d3 d6 6. O-O Bb6 7. Nbd2 O-O 8. Re1 Ne7 9. a4 c6 10. Bb3 Ng6 11. Nc4 Bc7 12. d4 d5 13. exd5 e4 14. d6 Bxd6 15. Ng5 Bf5 16. Bc2 Bg4 17. f3 exf3 18. Nxf3 Nh4 19. Bg5 Nxf3+ 20. gxf3 Bh5 21. Qd2 Kh8 22. Be4 Qd7 23. Nxd6 Qxd6 24. Qf4 Qxf4 25. Bxf4 Rfe8 26. Kf2 1/2-1/2

[Event "Ungdoms-DM U19 2025"]
[Site "Odense"]
[Date "2025.09.27"]
[Round "2"]
[White "Kushyk, Denys"]
[Black "Tong, Daniel Gjerlev"]
[Result "1-0"]
[WhiteElo "1996"]
[BlackElo "1915"]
[WhiteFideId "34149066"]
[BlackFideId "1486799"]
[EventDate "2025.09.26"]
[EventType "swiss"]
[EventRounds "5"]
[EventCountry "DEN"]
[SourceTitle "Turneringssystemet"]

1. e4 c5 2. Nf3 e6 3. Nc3 a6 4. d4 cxd4 5. Nxd4 b5 6. a3 Bb7 7. Be2 Nc6 8. Be3 Qc7 9. O-O Nf6 10. f4 Nxd4 11. Qxd4 Rc8 12. Rad1 Bc5 13. Qxc5 Qxc5 14. Bxc5 Rxc5 15. Bf3 h5 16. e5 Bxf3 17. Rxf3 Ng4 18. Rd6 O-O 19. Rxa6 Rb8 20. Ra5 g5 21. h3 Nh6 22. a4 gxf4 23. Rxb5 Rbxb5 24. axb5 Rc4 25. Rd3 Rb4 26. Rxd7 Rxb2 27. Rd1 Rxc2 28. b6 Rxc3 29. b7 Rb3 30. Rd8+ Kg7 31. b8=Q Rxb8 32. Rxb8 Kg6 33. Kf2 Kf5 34. Rh8 Kg5 35. Kf3 h4 36. Rh7 Kg6 37. Rh8 Kg5 38. Ke4 Nf5 39. Rg8+ Kh6 40. Kxf4 Kh7 41. Rg5 Ng3 42. Rg4 Nf5 43. Rg5 Ng3 44. Rxg3 hxg3 45. Kxg3 Kg6 46. Kg4 Kh6 47. Kf4 Kh5 48. g3 Kh6 49. g4 Kg6 50. h4 Kh6 51. h5 Kh7 52. Kg5 Kg7 53. h6+ Kh7 54. Kf6 1-0

[Event "Ungdoms-DM U19 2025"]
[Site "Odense"]
[Date "2025.09.27"]
[Round "2"]
[White "Slavensky, Asbjorn Vesterkaer"]
[Black "Perets, Dmytro"]
[Result "0-1"]
[WhiteElo "2099"]
[BlackElo "2214"]
[WhiteFideId "1470094"]
[BlackFideId "14174456"]
[EventDate "2025.09.26"]
[EventType "swiss"]
[EventRounds "5"]
[EventCountry "DEN"]
[SourceTitle "Turneringssystemet"]

1. d4 g6 2. c4 Bg7 3. Nc3 c5 4. d5 Bxc3+ 5. bxc3 f5 6. h4 Nf6 7. h5 Rg8 8. hxg6 hxg6 9. d6 Nc6 10. g3 Qa5 11. Qc2 Ne4 12. Bg2 Nxd6 13. Bd5 e6 14. Bf4 Nf7 15. Bxc6 bxc6 16. Rd1 Ba6 17. Qd2 Qd8 18. Nf3 Bxc4 19. Rh7 Rh8 20. Rxh8+ Nxh8 21. Ne5 Bd5 22. c4 d6 23. Nd3 Nf7 24. cxd5 cxd5 25. Qc3 e5 26. Bxe5 dxe5 27. Nxe5 Qd6 28. Nc4 Qe6 29. Na5 Rc8 30. Rd3 d4 31. Qc4 Qxc4 32. Nxc4 Rb8 33. Ra3 Rb4 34. Nd2 Rb7 35. Nb3 Ne5 36. Ra6 Rb6 37. Nxc5 Nc4 38. Rxb6 axb6 39. Nb3 Ke7 40. Nxd4 Kd6 41. e3 Kc5 0-1

[Event "Ungdoms-DM U19 2025"]
[Site "Odense"]
[Date "2025.09.27"]
[Round "2"]
[White "Li, Kevin"]
[Black "Skaelbaek, Noah"]
[Result "1-0"]
[WhiteElo "1854"]
[BlackElo "1970"]
[WhiteFideId "1480570"]
[BlackFideId "1470604"]
[EventDate "2025.09.26"]
[EventType "swiss"]
[EventRounds "5"]
[EventCountry "DEN"]
[SourceTitle "Turneringssystemet"]

1. e4 c5 2. b3 Nc6 3. Bb2 e6 4. Nf3 d5 5. exd5 exd5 6. Bb5 Nf6 7. Qe2+ Be6 8. Ne5 Rc8 9. O-O Be7 10. Re1 O-O 11. Bxc6 bxc6 12. Nxf7 Bxf7 13. Qxe7 Qa5 14. Bc3 Qb6 15. d3 d4 16. Bd2 Nd5 17. Qh4 Nb4 18. Na3 Rce8 19. h3 Rxe1+ 20. Rxe1 Qa5 21. Nc4 Bxc4 22. bxc4 Qxa2 23. Re7 Nxc2 24. Qg4 Qb1+ 25. Be1 Qxe1+ 26. Rxe1 Nxe1 27. Qe6+ Kh8 28. Qxe1 h6 29. Qa5 Ra8 30. Qxc5 a5 31. Qxc6 Ra7 32. Qb6 Ra8 33. Qb7 Re8 34. c5 a4 35. c6 a3 36. Qa6 Re6 37. Qxa3 Rxc6 38. Qa8+ 1-0

[Event "Ungdoms-DM U19 2025"]
[Site "Odense"]
[Date "2025.09.27"]
[Round "2"]
[White "Hansen, Peter Skov"]
[Black "Balle, Anders Sullestad"]
[Result "1-0"]
[WhiteElo "1550"]
[BlackElo "1885"]
[WhiteFideId ""]
[BlackFideId "1479091"]
[EventDate "2025.09.26"]
[EventType "swiss"]
[EventRounds "5"]
[EventCountry "DEN"]
[SourceTitle "Turneringssystemet"]

1. e4 c6 2. d4 d5 3. e5 Bf5 4. h4 h5 5. Bg5 Qb6 6. Bd3 Qxd4 7. Nf3 Qg4 8. Bxf5 Qxf5 9. O-O e6 10. Re1 Ne7 11. Nc3 Nd7 12. Nd4 Qg6 13. a4 Nf5 14. Nce2 Nxd4 15. Nxd4 Be7 16. Bxe7 Kxe7 17. Ra3 a6 18. Rg3 Qh6 19. Nf3 Nc5 20. Ng5 g6 21. Rf3 Rhf8 22. Qd4 b6 23. a5 Nd7 24. axb6 c5 25. Qa4 Rab8 26. b4 Rxb6 27. bxc5 Nxc5 28. Qa5 Rc6 29. Rb1 f5 30. exf6+ Rxf6 31. Rxf6 Kxf6 32. Qd8+ Kf5 33. Qe8 Rc7 34. g3 Qg7 35. Rb4 e5 36. f3 Qe7 37. g4+ hxg4 38. fxg4+ Kf6 39. Rb6+ Kg7 40. Rxg6# 1-0

[Event "Ungdoms-DM U19 2025"]
[Site "Odense"]
[Date "2025.09.27"]
[Round "3"]
[White "Iskos, Lukas"]
[Black "Haakonsen, Magnus"]
[Result "1-0"]
[WhiteElo "2093"]
[BlackElo "1971"]
[WhiteFideId "1461613"]
[BlackFideId "1485261"]
[EventDate "2025.09.26"]
[EventType "swiss"]
[EventRounds "5"]
[EventCountry "DEN"]
[SourceTitle "Turneringssystemet"]

1. d4 Nf6 2. Nf3 e6 3. Bf4 d5 4. e3 c5 5. Nbd2 Nc6 6. c3 Bd6 7. Bg3 O-O 8. Bd3 b6 9. Qe2 a5 10. Rd1 Bb7 11. O-O Qc7 12. Bxd6 Qxd6 13. e4 dxe4 14. Nxe4 Nxe4 15. Bxe4 Ba6 16. c4 cxd4 17. b3 Rad8 18. Rd3 b5 19. Bxh7+ Kxh7 20. Ng5+ Kg6 21. Rg3 Qxg3 22. fxg3 bxc4 23. Nh3 f5 24. Nf4+ Kh6 25. Qh5# 1-0

[Event "Ungdoms-DM U19 2025"]
[Site "Odense"]
[Date "2025.09.27"]
[Round "3"]
[White "Pirtac, Alexandru"]
[Black "Kushyk, Denys"]
[Result "1-0"]
[WhiteElo "1963"]
[BlackElo "1996"]
[WhiteFideId "13912143"]
[BlackFideId "34149066"]
[EventDate "2025.09.26"]
[EventType "swiss"]
[EventRounds "5"]
[EventCountry "DEN"]
[SourceTitle "Turneringssystemet"]

1. e4 c5 2. Nf3 d6 3. d4 cxd4 4. Nxd4 Nf6 5. Nc3 a6 6. Bc4 e6 7. Bb3 Be7 8. O-O Nc6 9. Be3 O-O 10. f4 Qc7 11. g4 Nxd4 12. Bxd4 e5 13. g5 exd4 14. gxf6 dxc3 15. fxe7 Qxe7 16. Qd4 cxb2 17. Rae1 b1=Q 18. Rxb1 Be6 19. f5 Bxb3 20. Rxb3 Rfe8 21. Rf4 Qe5 22. Qf2 b5 23. Rg3 Qc5 24. Re3 f6 25. Rg4 d5 26. Rxg7+ Kh8 27. Rxh7+ Kxh7 28. Rh3+ 1-0

[Event "Ungdoms-DM U19 2025"]
[Site "Odense"]
[Date "2025.09.27"]
[Round "3"]
[White "Perets, Dmytro"]
[Black "Li, Kevin"]
[Result "0-1"]
[WhiteElo "2214"]
[BlackElo "1854"]
[WhiteFideId "14174456"]
[BlackFideId "1480570"]
[EventDate "2025.09.26"]
[EventType "swiss"]
[EventRounds "5"]
[EventCountry "DEN"]
[SourceTitle "Turneringssystemet"]

1. c4 e6 2. g3 d5 3. Bg2 Nf6 4. Nf3 dxc4 5. O-O Nbd7 6. Na3 Bxa3 7. bxa3 O-O 8. Qc2 Nb6 9. Ne5 Qd6 10. Bb2 Nfd7 11. Nxc4 Nxc4 12. Qxc4 e5 13. Rac1 c6 14. Qc3 Re8 15. f4 f6 16. fxe5 Nxe5 17. d4 Nf7 18. e4 Be6 19. a4 Rad8 20. a3 Qe7 21. Rce1 Qd6 22. a5 a6 23. a4 Bc8 24. e5 fxe5 25. dxe5 Qh6 26. Rf4 Be6 27. Bc1 g5 28. Rf6 Qh5 29. Rff1 Rd7 30. Be3 Qg4 31. Qc1 h6 32. Bb6 Qc4 33. Qe3 Qc2 34. Rf2 Qd3 35. Qc1 Qc4 36. Qb1 Kg7 37. Bf1 Qb3 38. Qe4 Qd5 39. Qb1 Qb3 40. Rb2 Qf3 41. Bg2 Qd3 42. Qxd3 Rxd3 43. Bc5 Rd7 44. Reb1 Nd8 45. Bd6 Bf5 46. Rf1 Be6 47. Rb4 Nf7 48. Rfb1 Nd8 49. Be4 Ba2 50. R1b2 Be6 51. Kf2 Bf7 52. Ke3 Bd5 53. Bxd5 Rxd6 54. Rxb7+ Nxb7 55. Rxb7+ Kh8 56. Bc4 Rxe5+ 57. Kf3 Rxa5 58. Rb8+ Kg7 59. Rb7+ Kf6 60. Bb3 Ke5 61. Ke3 Rf6 62. Rb4 Kd6 63. Rd4+ Kc7 64. Re4 Raf5 65. Bc4 a5 66. Be2 Kd6 67. Kd4 Rd5+ 68. Kc3 Re6 69. Rxe6+ Kxe6 70. Bc4 Ke5 71. Bxd5 cxd5 72. Kd3 d4 73. h3 h5 74. g4 hxg4 75. hxg4 Kd5 76. Kc2 Ke4 77. Kd2 d3 78. Kd1 Kf3 79. Kd2 Kxg4 80. Kxd3 Kh3 81. Ke2 g4 82. Kf2 Kh2 0-1

[Event "Ungdoms-DM U19 2025"]
[Site "Odense"]
[Date "2025.09.27"]
[Round "3"]
[White "Saugmann, Frederik Chabert"]
[Black "Hansen, Peter Skov"]
[Result "1-0"]
[WhiteElo "2137"]
[BlackElo "1550"]
[WhiteFideId "1476122"]
[BlackFideId ""]
[EventDate "2025.09.26"]
[EventType "swiss"]
[EventRounds "5"]
[EventCountry "DEN"]
[SourceTitle "Turneringssystemet"]

1. c4 Nf6 2. d4 g6 3. Nc3 Bg7 4. e4 d6 5. h3 O-O 6. Be3 e5 7. d5 Na6 8. Bd3 Nh5 9. g3 Qe8 10. Be2 Nf6 11. g4 Nc5 12. Bf3 c6 13. g5 Nfd7 14. dxc6 bxc6 15. Qxd6 Na6 16. Qxc6 Rb8 17. O-O-O Nb4 18. Qa4 f5 19. a3 Qe7 20. axb4 Rxb4 21. Qa3 Bb7 22. Rxd7 Qxd7 23. Qxb4 f4 24. Bd2 Rd8 25. Nd5 Kh8 26. Bc3 a5 27. Qe7 Qxe7 28. Nxe7 a4 29. Nd5 Rc8 30. Be2 Ra8 31. Nf3 a3 32. bxa3 Rxa3 33. Kb2 Ra6 34. Ra1 Re6 35. Ra7 Bxd5 36. exd5 Rb6+ 37. Kc2 Kg8 38. c5 1-0

[Event "Ungdoms-DM U19 2025"]
[Site "Odense"]
[Date "2025.09.27"]
[Round "3"]
[White "Skaelbaek, Noah"]
[Black "Slavensky, Asbjorn Vesterkaer"]
[Result "0-1"]
[WhiteElo "1970"]
[BlackElo "2099"]
[WhiteFideId "1470604"]
[BlackFideId "1470094"]
[EventDate "2025.09.26"]
[EventType "swiss"]
[EventRounds "5"]
[EventCountry "DEN"]
[SourceTitle "Turneringssystemet"]

1. e4 c5 2. Nf3 d6 3. Bb5+ Bd7 4. Bxd7+ Nxd7 5. O-O Ngf6 6. Qe2 e6 7. c3 Be7 8. d4 O-O 9. e5 Nd5 10. c4 Nb4 11. exd6 Bxd6 12. Nc3 cxd4 13. Nxd4 a6 14. Nxe6 Bxh2+ 15. Kxh2 fxe6 16. Qxe6+ Kh8 17. Qh3 Nf6 18. Qh4 Rc8 19. Kg1 Qd3 20. Rd1 Rxc4 21. Rxd3 Rxh4 22. Rf3 h6 23. Be3 Rd8 24. g3 Rh5 25. a3 Nc2 26. Rd1 Rxd1+ 27. Nxd1 Rd5 28. Nc3 Rd3 29. Kf1 Ng4 30. Ke2 Rd7 31. Ne4 Re7 32. Rf8+ Kh7 33. Rf4 Ngxe3 34. fxe3 g5 35. Rg4 Kg6 36. Nc3 Nxe3 37. Re4 Rxe4 38. Nxe4 Nc4 39. Nc5 Nd6 40. b4 Kf5 41. Kf3 h5 42. a4 Ke5 43. b5 axb5 44. axb5 Kd5 45. Nd7 Nxb5 46. Nf6+ Ke5 47. Nxh5 Nd4+ 48. Ke3 g4 49. Kd3 Ne6 50. Kc4 Kf5 51. Kb5 Kg5 52. Kb6 Kxh5 53. Kxb7 Ng5 0-1

[Event "Ungdoms-DM U19 2025"]
[Site "Odense"]
[Date "2025.09.27"]
[Round "3"]
[White "Tong, Daniel Gjerlev"]
[Black "Balle, Anders Sullestad"]
[Result "0-1"]
[WhiteElo "1915"]
[BlackElo "1885"]
[WhiteFideId "1486799"]
[BlackFideId "1479091"]
[EventDate "2025.09.26"]
[EventType "swiss"]
[EventRounds "5"]
[EventCountry "DEN"]
[SourceTitle "Turneringssystemet"]

1. d4 Nf6 2. c4 g6 3. Nc3 Bg7 4. e4 O-O 5. Bg5 d6 6. Be2 c5 7. d5 Nbd7 8. Qd2 Re8 9. h4 h5 10. f3 Ne5 11. Nh3 Bxh3 12. Rxh3 Qd7 13. O-O-O a6 14. Rg1 Reb8 15. a4 b5 16. cxb5 axb5 17. Bxb5 Rxb5 18. axb5 Ra1+ 19. Nb1 Qxb5 20. Rd1 Nc4 21. Qc2 Nxe4 22. Rd3 Nxb2 23. Qb3 Nxd3+ 0-1

[Event "Ungdoms-DM U19 2025"]
[Site "Odense"]
[Date "2025.09.28"]
[Round "4"]
[White "Wahlgreen, Noah Krug"]
[Black "Iskos, Lukas"]
[Result "1/2-1/2"]
[WhiteElo "2072"]
[BlackElo "2093"]
[WhiteFideId "1457349"]
[BlackFideId "1461613"]
[EventDate "2025.09.26"]
[EventType "swiss"]
[EventRounds "5"]
[EventCountry "DEN"]
[SourceTitle "Turneringssystemet"]

1. e4 c5 2. Nf3 Nc6 3. Bb5 g6 4. Bxc6 dxc6 5. d3 Bg7 6. h3 Nf6 7. Nc3 O-O 8. O-O e5 9. Be3 Qe7 10. Qd2 Rd8 11. Qe2 b6 12. Rae1 Ba6 13. Nd2 Rd7 14. f4 Nh5 15. Qf3 exf4 16. Bxf4 Nxf4 17. Qxf4 Re8 18. Nf3 c4 19. d4 Bxd4+ 20. Nxd4 Rxd4 21. Qh6 Bb7 22. e5 Qh4 23. Qxh4 Rxh4 24. Ne4 Re7 25. Nd6 Rd4 26. c3 Rd5 27. Nxb7 Rxb7 28. Rf6 c5 29. e6 fxe6 30. Rfxe6 Rd2 31. R1e2 Rbd7 32. Kf2 Kf7 33. Re7+ Rxe7 34. Rxd2 Ke6 35. Kf3 b5 36. Ke4 Kf6+ 37. Kf4 g5+ 38. Kf3 h5 39. Rd5 Rc7 40. g4 h4 41. Rd6+ Kf7 42. Rd5 Kf6 43. Rf5+ Kg6 44. Re5 Kf6 45. Ke4 a6 46. Rf5+ 1/2-1/2

[Event "Ungdoms-DM U19 2025"]
[Site "Odense"]
[Date "2025.09.28"]
[Round "4"]
[White "Pirtac, Alexandru"]
[Black "Pihl, William"]
[Result "0-1"]
[WhiteElo "1963"]
[BlackElo "2128"]
[WhiteFideId "13912143"]
[BlackFideId "1467310"]
[EventDate "2025.09.26"]
[EventType "swiss"]
[EventRounds "5"]
[EventCountry "DEN"]
[SourceTitle "Turneringssystemet"]

1. e4 e5 2. d4 exd4 3. Qxd4 Nc6 4. Qe3 Nf6 5. Nc3 Bb4 6. Bd2 O-O 7. O-O-O Re8 8. Bc4 d6 9. Nf3 Be6 10. Qe2 Bxc4 11. Qxc4 Bxc3 12. Bxc3 Nxe4 13. Rd5 Nxc3 14. bxc3 Qf6 15. h4 Rac8 16. Rh3 Ne5 17. Qb3 Qf4+ 18. Kb1 Nxf3 0-1

[Event "Ungdoms-DM U19 2025"]
[Site "Odense"]
[Date "2025.09.28"]
[Round "4"]
[White "Li, Kevin"]
[Black "Saugmann, Frederik Chabert"]
[Result "0-1"]
[WhiteElo "1854"]
[BlackElo "2137"]
[WhiteFideId "1480570"]
[BlackFideId "1476122"]
[EventDate "2025.09.26"]
[EventType "swiss"]
[EventRounds "5"]
[EventCountry "DEN"]
[SourceTitle "Turneringssystemet"]

1. e4 e5 2. Bc4 Nc6 3. d3 Nf6 4. c3 d5 5. exd5 Nxd5 6. Qf3 Be6 7. Ne2 Qd7 8. O-O O-O-O 9. Re1 h5 10. Be3 f5 11. Bg5 Be7 12. Bxe7 Qxe7 13. Ng3 f4 14. Nf1 Bg4 15. Qe4 Nf6 16. Qg6 Rh6 17. Qg5 h4 18. d4 Rh5 19. Qg6 e4 20. Nbd2 Bf5 21. Qf7 Rd7 22. Qxe7 Rxe7 23. b4 g5 24. b5 Na5 25. Be2 g4 26. h3 f3 27. hxg4 Bxg4 28. Bxf3 Bxf3 29. Nxf3 Nd5 30. Ne5 Nxc3 31. Rac1 Nxb5 32. Rc5 a6 33. a4 Nxd4 34. Rxe4 Nab3 35. Ng6 Rxe4 36. Rxh5 Re1 37. Re5 Rc1 38. Ne7+ Kd7 39. Nf5 c5 40. N5e3 Nd2 41. Rd5+ Kc6 42. Rd8 Nxf1 43. Nxf1 Ne2+ 44. Kh2 Rxf1 45. f4 Rxf4 46. a5 c4 47. g4 hxg3+ 48. Kh3 Rf2 0-1

[Event "Ungdoms-DM U19 2025"]
[Site "Odense"]
[Date "2025.09.28"]
[Round "4"]
[White "Slavensky, Asbjorn Vesterkaer"]
[Black "Kushyk, Denys"]
[Result "1-0"]
[WhiteElo "2099"]
[BlackElo "1996"]
[WhiteFideId "1470094"]
[BlackFideId "34149066"]
[EventDate "2025.09.26"]
[EventType "swiss"]
[EventRounds "5"]
[EventCountry "DEN"]
[SourceTitle "Turneringssystemet"]

1. d4 Nf6 2. c4 e6 3. Nf3 d5 4. g3 Be7 5. Bg2 O-O 6. O-O dxc4 7. Qc2 Nbd7 8. Qxc4 c5 9. dxc5 Nxc5 10. Nc3 a6 11. Rd1 Qe8 12. b4 Na4 13. Nxa4 Qxa4 14. Bb2 Qxb4 15. Qxb4 Bxb4 16. Ne5 Nd5 17. Rac1 f6 18. Nc4 Rb8 19. e4 Ne7 20. Nb6 Nc6 21. Bh3 Kf7 22. Nd7 Bxd7 23. Rxd7+ Be7 24. Ba3 Rfd8 25. Rc7 Rdc8 26. R1xc6 bxc6 27. Rxe7+ Kg6 28. Bxe6 Rb1+ 29. Kg2 Rcb8 30. Bf5+ Kh6 31. Bd6 R8b7 32. Re6 g6 33. Bg4 Kg7 34. e5 f5 35. Bf3 Rc1 36. Ba3 Rc7 37. Bxc1 1-0